Fifteen years of activity 1953-67. (Record no. 86018)

MARC details
000 -LEADER
fixed length control field 00673nam a2200241 4500
001 - CONTROL NUMBER
control field sa 68014744
003 - CONTROL NUMBER IDENTIFIER
control field DLC
005 - DATE AND TIME OF LATEST TRANSACTION
control field 20260227112635.0
008 - FIXED-LENGTH DATA ELEMENTS--GENERAL INFORMATION
fixed length control field 700217s1967 ii c 000 0 eng
010 ## - LIBRARY OF CONGRESS CONTROL NUMBER
LC control number sa 68014744
025 ## - OVERSEAS ACQUISITION NUMBER
Overseas acquisition number PL480:I-E-10198
040 ## - CATALOGING SOURCE
Original cataloging agency DLC
Transcribing agency DLC
Modifying agency DLC
050 00 - LIBRARY OF CONGRESS CALL NUMBER
Classification number Z673
Item number .D433
082 00 - DEWEY DECIMAL CLASSIFICATION NUMBER
Classification number 020/.6234/5456
110 2# - MAIN ENTRY--CORPORATE NAME
Corporate name or jurisdiction name as entry element Delhi Library Association.
245 10 - TITLE STATEMENT
Title Fifteen years of activity 1953-67.
Statement of responsibility, etc. Edited by N. K. Goil.
260 ## - PUBLICATION, DISTRIBUTION, ETC.
Place of publication, distribution, etc. Delhi
Date of publication, distribution, etc. [1967]
300 ## - PHYSICAL DESCRIPTION
Extent 38 p.
Other physical details ports.
Dimensions 24 cm.
350 ## - PRICE (NR) (BK AM CF MU VM SE) [OBSOLETE]
Price 8.00
-- ($2.00)
410 21 - SERIES STATEMENT/ADDED ENTRY--CORPORATE NAME [OBSOLETE, CAN/MARC], [LOCAL, USA]
Corporate name or jurisdiction name as entry element Its
Title of a work English series,
Volume number/sequential designation no. 5
610 20 - SUBJECT ADDED ENTRY--CORPORATE NAME
Corporate name or jurisdiction name as entry element Delhi Library Association.
700 1# - ADDED ENTRY--PERSONAL NAME
Personal name Goil, Nand Kishore,
Dates associated with a name 1932-

No items available.

Powered by Koha